000 00620nam a22002057a 4500
999 _c15845
_d15845
003 AR-CdUCM
008 190430b ||||| |||| 00| 0 spa d
040 _aMUNICIPALIDAD PROVINCIAL DEL CUSCO
_cBIBLIOTECA MUNICIPAL DEL CUSCO
082 _a869.55 /
_bM44
100 _aMatto de Turner, Clorinda
_9719
245 _aIndole /
260 _aQosqo :
_bMunicipalidad del Qosqo ,
_c1991.
300 _a172 paginas ;
_c21 cm.
505 _aContenido :Novela /
650 _aNovelas Cusqueñas
_924266
650 _aNovelas peruanas
_9545
650 _aSiglo XIX.
_9971
942 _2ddc
_cLIBROS
945 _arjall
_d2019-04-30